000 01336nam a22003137a 4500
001 283
003 OSt
005 20250528074017.0
008 250317b |||||||e |||| 00| f eng d
040 _bpor
041 _heng
_apor
082 _a823
_bF459t
100 _a Fielding, Henry
_d1707- 1754
_9522
240 _aThe History of Tom Jones, a Foundling​
245 _aTom Jones​ /
_c Fielding, Henry; Tradução de Octávio Mendes Cajado
260 _aSão Paulo
_bAbril
_c1971
300 _a614 p.​
490 1 _aOs Imortais da Literatura Universal
520 _aEste romance conta a história de um enjeitado criado por uma família da nobreza rural que se torna um jovem de grande fascínio pessoal e que atrai a paixão de diversas mulheres. Mas torna-se vítima das mais variadas formas de preconceito e desperta, em muitos, a inveja e o ciúme. Sua verdadeira origem é revelada no final, após profunda análise do cotidiano inglês de meados do século XVIII.
650 0 _aLiteratura Inglesa
_989
650 0 _aClássicos
_977
650 0 _aCrítica social
_9514
650 0 _aMoralidade e hipocrisia
_9524
655 0 _aRomance
_923
655 0 _aFicção
_922
700 1 _aCajado, Octávio Mendes,
_d1915-
_eTRADUTOR
_9525
830 _aOs Imortais da Literatura Universal
_9461
_vvol. 9
942 _2ddc
_n0
_cBK
999 _c283
_d283